[Event "POL-ch Academic"]
[Site "Katowice"]
[Date "2020.11.14"]
[Round "9"]
[White "Talik, Patryk"]
[Black "Mazur, Bartlomiej"]
[Result "1-0"]
[WhiteElo "1946"]
[BlackElo "1703"]
[PlyCount "75"]
[EventDate "2020.11.13"]
[EventType "swiss (rapid)"]
[EventRounds "9"]
[EventCountry "POL"]
[SourceTitle "CBM 199 Extra"]
[Source "ChessBase"]
[SourceDate "2021.01.31"]
[SourceVersion "1"]
[SourceVersionDate "2021.01.31"]
[SourceQuality "1"]

1. d4 Nf6 2. c4 b6 3. Nc3 Bb7 4. Nf3 g6 5. Qc2 Bg7 6. e4 d6 7. Be2 Nbd7 8. 0-0 c5 9. d5 a6 10. h3 Qc7 11. Bf4 Nh5 12. Bh2 0-0 13. Nd2 e5 14. dxe6 fxe6 15. Bxh5 gxh5 16. Nf3 Rae8 17. Rad1 e5 18. Nh4 Nf6 19. Nf5 Rd8 20. f3 Ne8 21. Bg3 Qf7 22. Bh4 Rd7 23. Qb3 b5 24. Nd5 Bxd5 25. Rxd5 bxc4 26. Qa4 Kh8 27. a3 Bf6 28. Bxf6+ Nxf6 29. Rxd6 Rxd6 30. Nxd6 Qe6 31. Nf5 Rg8 32. Rd1 h4 33. Rd6 Qf7 34. Qd1 a5 35. Qd2 Nh5 36. Nh6 Qg7 37. Nxg8 Kxg8 38. Rd8+ 1-0

[Event "Rubinstein Memorial-C 55th"]
[Site "Polanica Zdroj"]
[Date "2019.08.24"]
[Round "8"]
[White "Raczek, Krzysztof"]
[Black "Talik, Patryk"]
[Result "0-1"]
[WhiteElo "1587"]
[BlackElo "1975"]
[PlyCount "98"]
[EventDate "2019.08.17"]
[EventType "swiss"]
[EventRounds "9"]
[EventCountry "POL"]
[SourceTitle "EXT 2020"]
[Source "ChessBase"]
[SourceDate "2019.10.17"]
[SourceVersion "1"]
[SourceVersionDate "2019.10.17"]
[SourceQuality "1"]

1. e4 e6 2. d4 d5 3. e5 c5 4. c3 Nc6 5. Nf3 Qb6 6. a3 f6 7. Bd3 fxe5 8. Nxe5 Nxe5 9. dxe5 g6 10. 0-0 Bg7 11. Re1 Ne7 12. Kh1 c4 13. Bc2 Qxf2 14. Rf1 Qb6 15. Qe2 Bd7 16. Bg5 Rf8 17. Nd2 Qc7 18. Rxf8+ Bxf8 19. Qf2 Qb6 20. Qxb6 axb6 21. g4 Ba4 22. Bb1 Nc6 23. Nf3 Kd7 24. Bf6 Bd1 25. Ng5 Bxg4 26. Nxh7 Bh5 27. Ng5 Be7 28. h4 Bxf6 29. exf6 Rf8 30. f7 Ne5 31. Bc2 Nxf7 32. Ba4+ Ke7 33. Rf1 Nxg5 34. Rxf8 Kxf8 35. hxg5 Ke7 36. Kg2 Bg4 37. Kg3 Bf5 38. Bd1 Kd6 39. Kf4 e5+ 40. Ke3 Kc5 41. Bf3 d4+ 42. cxd4+ exd4+ 43. Kd2 Kd6 44. Bxb7 Ke5 45. a4 Be6 46. Kc1 Kf4 47. Kd2 Kxg5 48. b4 cxb3 49. Be4 Bf5 0-1

[Event "Rubinstein Memorial-C 55th"]
[Site "Polanica Zdroj"]
[Date "2019.08.18"]
[Round "2"]
[White "Mulawa, Cyprian"]
[Black "Talik, Patryk"]
[Result "0-1"]
[WhiteElo "1578"]
[BlackElo "1975"]
[PlyCount "98"]
[EventDate "2019.08.17"]
[EventType "swiss"]
[EventRounds "9"]
[EventCountry "POL"]
[SourceTitle "EXT 2020"]
[Source "ChessBase"]
[SourceDate "2019.10.17"]
[SourceVersion "1"]
[SourceVersionDate "2019.10.17"]
[SourceQuality "1"]

1. e4 e6 2. d4 d5 3. Bd3 Nf6 4. e5 Nfd7 5. f4 c5 6. c3 Nc6 7. Nf3 cxd4 8. cxd4 Qb6 9. Bc2 Nb4 10. 0-0 Nxc2 11. Qxc2 Nb8 12. Be3 Bd7 13. Nc3 Nc6 14. Rad1 Rc8 15. Qf2 Ne7 16. g4 h5 17. h3 hxg4 18. hxg4 g6 19. Nh4 Kd8 20. Rc1 Rc7 21. Nf3 Be8 22. Ng5 Kc8 23. a4 a6 24. Na2 Nc6 25. Rfd1 Be7 26. Rc3 Na5 27. Rxc7+ Kxc7 28. Rc1+ Kb8 29. Qc2 Nc4 30. Bf2 Qxb2 31. Qxb2 Nxb2 32. Rc3 Nxa4 33. Rb3 Ka7 34. Be1 Nb6 35. Ba5 Nc4 36. Bb4 Bxb4 37. Nxb4 Rh4 38. Rg3 a5 39. Nd3 b5 40. Nc5 b4 41. Ngxe6 fxe6 42. Nxe6 a4 43. Nc5 a3 44. e6 a2 45. Nb3 Nd2 46. Na1 b3 47. f5 Rxg4 48. Rxg4 b2 49. fxg6 bxa1Q+ 0-1

[Event "Katowice POL-HUN 5th"]
[Site "Katowice"]
[Date "2017.05.21"]
[Round "6"]
[White "Piotrowski, Przemyslaw"]
[Black "Talik, Patryk"]
[Result "1-0"]
[WhiteElo "2335"]
[BlackElo "2051"]
[PlyCount "59"]
[EventDate "2017.05.20"]
[EventType "swiss (rapid)"]
[EventRounds "9"]
[EventCountry "POL"]
[SourceTitle "CBM 178 Extra"]
[Source "ChessBase"]
[SourceDate "2017.06.22"]
[SourceVersion "1"]
[SourceVersionDate "2017.06.22"]
[SourceQuality "1"]

1. e4 e6 2. d4 d5 3. e5 c5 4. c3 Nc6 5. Nf3 Qb6 6. a3 c4 7. Nbd2 Bd7 8. b3 cxb3 9. Nxb3 Na5 10. Nxa5 Qxa5 11. Bd2 Qa4 12. Qb1 Qc6 13. a4 Ne7 14. Bd3 Nf5 15. g4 Ne7 16. Rg1 Nc8 17. a5 a6 18. Ke2 Be7 19. Rc1 b5 20. axb6 Nxb6 21. Rxa6 Rxa6 22. Bxa6 0-0 23. Bd3 h6 24. g5 hxg5 25. Bxg5 f6 26. exf6 Bxf6 27. Bxf6 Rxf6 28. Ne5 Qd6 29. Bh7+ Kf8 30. Qxb6 1-0

[Event "Katowice POL-HUN 5th"]
[Site "Katowice"]
[Date "2017.05.20"]
[Round "2"]
[White "Bednarek, Sylwester"]
[Black "Talik, Patryk"]
[Result "1-0"]
[WhiteElo "2309"]
[BlackElo "2051"]
[PlyCount "53"]
[EventDate "2017.05.20"]
[EventType "swiss (rapid)"]
[EventRounds "9"]
[EventCountry "POL"]
[SourceTitle "CBM 178 Extra"]
[Source "ChessBase"]
[SourceDate "2017.06.22"]
[SourceVersion "1"]
[SourceVersionDate "2017.06.22"]
[SourceQuality "1"]

1. e4 e6 2. d4 d5 3. e5 c5 4. c3 Nc6 5. Nf3 Qb6 6. a3 Bd7 7. b4 cxd4 8. cxd4 Nge7 9. Nc3 Nf5 10. Na4 Qc7 11. Bb2 Be7 12. Bd3 0-0 13. 0-0 Rfc8 14. Rc1 Qd8 15. Nc5 Bxc5 16. dxc5 Nce7 17. Qd2 a6 18. Rfd1 Qe8 19. Bb1 Bc6 20. Ng5 h6 21. Nf3 Ng6 22. Bxf5 exf5 23. Re1 Nf8 24. Nd4 Bd7 25. e6 fxe6 26. Nxf5 Qg6 27. Ne7+ 1-0